=LDR 00000nam 2200000 4500 =001 INLIS000000000001546 =005 20130612085939 =008 ***********************************Ind** =035 ##$$0010-061300000001546 =041 ##$$a Ind =082 ##$$a 510.7 =090 ##$$a 510.7, Pel-p =245 ##$$a Pelajaran Matematika SLTP kurikulum 1994 =260 ##$$a 1994 $b Semarang =300 ##$$a 96 hlm, ilus, 28 cm =650 ##$$a Matematika =650 ##$$a Studi dan Pengajaran =850 ##$$a NBPNMAT